Highest All-Time Goalscorers in EURO Championship Qualifiers - Statistics

General Stats
  • This quiz has been taken 139 times
  • The average score is 17 of 30
Answer Stats
# Goals Matches Country Years Answer % Correct
1 40 42 Portugal 2006- Cristiano Ronaldo
100%
3 22 19 England 2014- Harry Kane
97%
4 22 25 Poland 2014- Robert Lewandowski
97%
7 19 31 Sweden 2002- Zlatan Ibrahimović
94%
26 13 21 Netherlands 2006-2015 Robin van Persie
90%
13 17 23 Belgium 2010- Romelu Lukaku
88%
2 23 44 Ireland 1998-2015 Robbie Keane
85%
14 17 43 Bosnia and Herzegovina 2006- Edin Džeko
82%
24 14 33 Wales 2006-2020 Gareth Bale
78%
15 16 23 Germany 2002-2011 Miroslav Klose
78%
22 14 27 England 2002-2015 Wayne Rooney
78%
25 13 19 Spain 2006-2011 David Villa
75%
19 15 23 Serbia 2014- Aleksandar Mitrović
72%
8 18 20 Spain 1998-2007 Raúl González
69%
11 17 18 Croatia / Yugoslavia 1990-1999 Davor Šuker
66%
21 15 29 Austria 2010- Marko Arnautović
58%
23 14 29 Iceland 2010- Gylfi Sigurðsson
56%
10 18 25 Czech Republic 1998-2007 Jan Koller
49%
8 18 20 Netherlands 2006-2015 Klaas-Jan Huntelaar
47%
18 15 21 Romania 2002-2011 Adrian Mutu
42%
11 17 18 Russia 2014-2020 Artem Dzyuba
42%
6 19 30 Turkey 1994-2007 Hakan Şükür
39%
5 19 24 Denmark 1998-2007 Jon Dahl Tomasson
31%
28 13 26 Israel 2010-2020 Eran Zahavi
25%
29 13 29 Northern Ireland 2002-2011 David Healy
19%
20 15 27 Slovenia 1994-2003 Zlatko Zahovič
18%
15 16 23 Georgia 1994-2007 Shota Arveladze
17%
17 15 20 Austria 1982-1995 Toni Polster
16%
27 13 23 Croatia 2006-2011 Eduardo da Silva
14%
29 13 29 Latvia 1998-2011 Māris Verpakovskis
13%
No matching quizzes found
Score Distribution
Percent of People with Each Score
Percentile by Number Answered
Your Score History
You have not taken this quiz